| 000 | 006390000a22001810004500 | ||
|---|---|---|---|
| 003 | MACL | ||
| 005 | 20160302115814.0 | ||
| 008 | 160302b xxu||||| |||| 00| 0 eng d | ||
| 040 |
_aMACL _cMACL |
||
| 041 | _aHindi | ||
| 082 | _a800 | ||
| 100 |
_aसाहित्यमहोपाध्याय तत्वभूषण _941887 |
||
| 245 | _aभूषण साहित्यिक एवं ऐतिहासिक अनुशीलन | ||
| 260 |
_bसाहित्य भवन लिमिटेड _c1972 _aइलाहाबाद |
||
| 350 | _a30 | ||
| 650 |
_aLiteracture _941888 |
||
| 942 |
_cHIN _k800 _2ddc |
||
| 999 |
_c26163 _d26163 |
||